POWER SYSTEM ANALYSIS AND DESIGN (Record no. 216073)

MARC details
000 -LEADER
fixed length control field 00515nam a22001817a 4500
008 - FIXED-LENGTH DATA ELEMENTS--GENERAL INFORMATION
fixed length control field 250907b |||||||| |||| 00| 0 eng d
020 ## - INTERNATIONAL STANDARD BOOK NUMBER
International Standard Book Number 978 1 111 42579 1
050 ## - LIBRARY OF CONGRESS CALL NUMBER
Classification number TK 1005.G555 2012
100 ## - MAIN ENTRY--PERSONAL NAME
Personal name GLOVER DUNCAN
245 ## - TITLE STATEMENT
Title POWER SYSTEM ANALYSIS AND DESIGN
250 ## - EDITION STATEMENT
Edition statement 5TH ED.
260 ## - PUBLICATION, DISTRIBUTION, ETC.
Place of publication, distribution, etc. AUSTRALIA
Name of publisher, distributor, etc. CENGAGE
Date of publication, distribution, etc. 2012
300 ## - PHYSICAL DESCRIPTION
Extent XX,828P.
500 ## - GENERAL NOTE
General note INCLUDES AN INDEX
650 ## - SUBJECT ADDED ENTRY
Topical term or geographic name entry element Electric power systems--Design and construction--Data processing
942 ## - ADDED ENTRY ELEMENTS (KOHA)
Source of classification or shelving scheme Library of Congress Classification
Koha item type Long Loan Book
Holdings
Withdrawn status Lost status Source of classification or shelving scheme Damaged status Not for loan Collection Home library Current library Shelving location Date acquired Inventory number Total checkouts Full call number Barcode Date last seen Date last checked out Copy number Price effective from Koha item type
    Library of Congress Classification     Science & Technology Kisii University Library Kisii University Library On Display 09/07/2025 097443 1 TK 1005,G555 2012 024403 09/07/2025 09/07/2025 C.1 09/07/2025 Long Loan Book